| 000 | 00000nam##2200000za#4500 |
| 001 | 9.617623 |
| 003 | CaOODSP |
| 005 | 20210929082758 |
| 007 | ta |
| 008 | 150406|2005||||xxc||||| f|0| 0 eng|d |
| 020 | |a0-662-42307-0 |
| 022 | |a0831-8247 |
| 040 | |aCaOODSP|beng |
| 043 | |an-cn--- |
| 086 | 1 |aFo133-1/407E |
| 110 | 1 |aCanada. |bNatural Resources Canada. |bCanadian Forest Service. |
| 245 | 12|aA practitioner's guide to public deliberation in natural resource management / |cIssued by the Northern Forestry Centre. [By] R.E. Mitchell and J.R. Parkins. |
| 260 | |aEdmonton - Alberta : |bNatural Resources Canada. |c2005. |
| 300 | |avi, 26p. : |breferences, tables ; |c28 cm. |
| 490 | 1 |aInformation report. [NOR-X series]|x0831-8247 |vNOR-X-407 |
| 520 | 3 |aThis technical report is part of series that communicates the results of research conducted by the Canadian Forest Service’s Northern Forestry Centre. The main objective of the research is to support improved forest management for the economic, social, and environmental benefit of all Canadians. The Centre is responsible for fulfilling the federal role in forestry research and technology transfer in Alberta, Saskatchewan, Manitoba, Nunavut, and the Northwest Territories. |
| 563 | |aSoftcover |
| 590 | |a06-04|b2006-01-27 |
| 690 | 07|aResources management|2gcpds |
| 720 | 1 |aMitchell, R. E. |
| 720 | 1 |aParkins, J. R. |
| 776 | 0#|tA practitioner's guide to public deliberation in natural resource management / |w(CaOODSP)9.560015 |
| 830 | #0|aInformation report (Northern Forestry Centre (Canada))|x0831-8247 |vNOR-X-407|w(CaOODSP)9.514659 |